| 000 | 01144cad a22002415a 4500 | ||
|---|---|---|---|
| 001 | L154991 | ||
| 008 | 120214s2012 xxk f 000 0 eng d | ||
| 035 | _a(Sirsi) u154991 | ||
| 041 | 0 | _aeng | |
| 110 | 2 |
_aNational Buildings Specification _95911 |
|
| 240 | _aBIM Survey | ||
| 245 | 0 | 0 |
_aNational BIM report 2012 _h[electronic resource] |
| 260 |
_a[S.l.] _bNBS _c2012 |
||
| 505 | 2 | _aIntroduction -- BIM and the UK Construction Strategy -- BIM from the point of view of a small practice -- BIM Survey summary of findings -- What will BIM mean for design fees? -- BIM collaboration and engineering - many heads are better than one -- ICT and security | |
| 520 | _aThe second NBS National BIM Survey provides a potentially worrying picture of a divided UK construction industry in which real progress has been made but where real areas of inertia remain. | ||
| 590 | _aKA NTK | ||
| 650 | 2 | 4 | _aBUILDING INFORMATION MODELLING |
| 650 | 2 | 4 |
_aBIM _96219 |
| 651 | 4 |
_aUnited Kingdom _y |
|
| 690 |
_aBIM _96219 |
||
| 856 | 4 | 0 |
_uhttps://www.thenbs.com/pdfs/NBS-NationalBIMReport12.pdf _zView the item free of charge at www.thenbs.com |
| 942 | _n0 | ||
| 999 |
_c113273 _d113273 |
||